| 000 | 00413nam a22001817a 4500 | ||
|---|---|---|---|
| 005 | 20251108172624.0 | ||
| 008 | 250721s9999 xx 000 0 eng d | ||
| 082 | 1 | 4 | _a929.1/MUH |
| 100 | 1 | _aBin Muhammad, Ghazi | |
| 245 | 1 | 4 | _aThe Tribes of Jordan / |
| 264 | 1 |
_aAmman : _bTurab, |
|
| 300 | _a72p. | ||
| 650 | 1 | 7 | _aTribes |
| 650 | 1 | 7 | _aArab Tribes |
| 650 | 1 | 7 | _aJordan |
| 942 |
_2ddc _cBK |
||
| 999 |
_c84274 _d84274 |
||